The dynamics of capitalism ; correctives toward continuous growth.

Bibliographic Details
Main Author: Wendzel, Julius T.
Format: Book
Language:English
Published: New York : Harper, [1956]
Edition:[1st ed.].
Subjects:

MARC

Tag First Indicator Second Indicator Subfields
LEADER 00000cam a2200000 4500
001 in00000058451
005 20151007082302.0
008 740423s1956 eng u
010 |a  56009083  
035 |a (OCoLC)00864159 
035 |9 AAF7647AM 
040 |c DXU  |d TXA  |d UtOrBLW 
049 |a TXAM  |c [284541] 
050 0 0 |a HD82  |b .W4 
082 0 |a 330.15 
092 |a 330.15  |b W473d 
100 1 |a Wendzel, Julius T. 
245 1 4 |a The dynamics of capitalism ;  |b correctives toward continuous growth. 
250 |a [1st ed.]. 
264 1 |a New York :  |b Harper,  |c [1956] 
300 |a 175 pages ;  |c 22 cm. 
336 |a text  |b txt  |2 rdacontent 
337 |a unmediated  |b n  |2 rdamedia 
338 |a volume  |b nc  |2 rdacarrier 
650 0 |a Economic policy. 
650 0 |a Capitalism. 
651 0 |a United States  |x Economic policy. 
999 |a MARS 
999 f f |s 71df65a4-22a2-35cd-96f6-c3e29a725d35  |i 20238045-272e-3a2d-b671-a1295cb342de  |t 0 
952 f f |p ric  |a Texas A&M University  |b Rellis Campus  |c Joint Library Facility  |d Remote Storage  |t 0  |e HD82 .W4  |h Library of Congress classification  |i unmediated -- volume  |m A14800694149 
998 f f |a HD82 .W4  |t 0  |l Remote Storage